Rétorika na pokračovanie

Bibliographic Details
Main Author: Bosák, Ján, 1939-2018 (Author)
Format: Article
Language:Slovak
ISSN:0231-6463
Subjects:

MARC

LEADER 00000nab a2200000 a 4500
001 vtls000829130
003 SK-MaSNL
005 20260304121739.0
008 250429c2003 xo 0 slo
015 |a SNBRB2003/03-08841 
035 |a CLN000180785 
035 |a urn:nbn:sk:snk-abbw6w 
035 |a (urnnbn)urn:nbn:sk:snk:ar-00115t 
035 |a (uuid)cfbda9a5-1aaa-4a3b-a077-e59f6057810f 
040 |a SNKBUCL  |b slo  |c SNKBUCL  |e AACR2 
041 0 |a slo 
044 |a xo  |c SK 
080 |a 801.68  |2 1997 
080 |a 82.085  |2 1997 
100 1 |a Bosák, Ján,  |d 1939-2018  |4 aut  |9 103406 
245 1 0 |a Rétorika na pokračovanie  |c Ján Bosák 
650 0 7 |a rétorika  |2 snkbucl  |9 989 
650 0 7 |a jazyková komunikácia  |2 snkbucl  |9 990 
773 0 |t Rodina a škola  |g Roč. 51, č. 3 (2003), s. 4  |x 0231-6463 
850 |a Slovenská národná knižnica 
852 |a Slovenská národná knižnica 
954 |a odborná, vedecká literatúra pôvodná (slovenská)  |2 lita 
958 |a article15 
958 |a OND 
958 |a EUIPO 
999 |c 2886751  |d 2888681